| 000 | 00476nmm a2200169Ia 4500 | ||
|---|---|---|---|
| 008 | 251105s9999||||xx |||||||||||||||||und|| | ||
| 020 | _a8470303481 | ||
| 041 | _aspa | ||
| 100 | _aVaca de Odma, José Antonio | ||
| 245 | 0 | _aAlfonso XIII, el Rey paradoja | |
| 264 |
_a[Madrid, España] : _bBiblioteca Nueva, _c1993 |
||
| 300 | _a310 páginas | ||
| 490 | _a--Sin Colección | ||
| 650 | _aBiography | ||
| 856 | _uhttps://public.digitaliapublishing.com/a/1988 | ||
| 942 | _cCF | ||
| 999 |
_c73059 _d73059 |
||